Statistics for P Vocabulary Words #3

Click here to take the quiz!

General Stats

  • This quiz has been taken 130 times
  • The average score is 15 of 20

Answer Stats

HintAnswer% Correct
unit of scoring in a sports matchpoint
85%
dot that marks the whole part of a decimal numberpoint
84%
narrow piece of land jutting out into the seapoint
83%
sharp end of a weaponpoint
83%
direct one's attention by extending a fingerpoint
82%
deer antler prongpoint
79%
wall socket, a power _____point
78%
fill brickwork joints with mortarpoint
77%
irrelevant: beside the _____point
77%
particular moment in timepoint
75%
in a car, the electrical contact in a distributorpoint
75%
printing font sizepoint
74%
distinctive characteristicpoint
74%
in ice hockey, where the blue line meets the boardspoint
73%
something with position but no spatial extentpoint
73%
each of the 32 compass directionspoint
73%
fielding position in cricketpoint
72%
% of film profits earned by key personnelpoint
72%
in the card game piquet, the longest suit in a handpoint
72%
in ballet, tips of the toespointe
38%

Score Distribution

Percentile by Number Answered

Percent of People with Each Score

Your Score History

You have not taken this quiz